logo

Bir Sreshtho Munshi Abdur Rouf Library
Jhenaidah Cadet College

The great gale / (Record no. 6827)

MARC details
000 -LEADER
fixed length control field 00552nam a22002173a 4500
001 - CONTROL NUMBER
JCCL Control Number 6827
003 - CONTROL NUMBER IDENTIFIER
JCCL marc code UkOxU
005 - DATE AND TIME OF LATEST TRANSACTION
control field 20180304175102.0
008 - FIXED-LENGTH DATA ELEMENTS--GENERAL INFORMATION
fixed length control field 500101s1960 xx j 000 1 und d
035 ## - SYSTEM CONTROL NUMBER
system control number OCLC pks02843650 from D950617K
040 ## - CATALOGING SOURCE
Original cataloging agency EQO
Transcribing agency EQO
Modifying agency BD-JhCC
041 ## - LANGUAGE CODE
Language code of Book eng
082 ## - DEWEY DECIMAL CLASSIFICATION NUMBER
Classification number 823.914
Author mark and Year BUR 1960
100 1# - MAIN ENTRY--PERSONAL NAME
Personal name Burton, Hester.
245 14 - TITLE STATEMENT
Title The great gale /
Statement of responsibility, etc Hester Burton.
260 ## - PUBLICATION, DISTRIBUTION, ETC. (IMPRINT)
Place of publication, distribution, etc London,
Date of publication, distribution, etc 1960
Name of publisher, distributor, etc Oxford University Press,
300 ## - PHYSICAL DESCRIPTION
Pagination 207 p. :
Dimensions 22cm.
650 ## - SUBJECT ADDED ENTRY--TOPICAL TERM
Topical term or geographic name as entry element Children's Stories
942 ## - ADDED ENTRY ELEMENTS (KOHA)
Source of classification or shelving scheme Dewey Decimal Classification
Koha item type Books
Holdings
Source of classification or shelving scheme Damaged status Not for loan Home library Current library Shelving location Total Checkouts Full call number Barcode Date last seen Copy number Koha item type
Dewey Decimal Classification     JCC Rouf Library JCC Rouf Library General Stacks   823.914 BUR 1960 9393 01/30/2018 C - 1 Books

JCC Library | Contacts | JCC Home

Last Update on 23 September 2017
Copyright @ 2017-2020 JCC Rouf Library
Rouf Library, Jhenidah Cadet College (JCC), Bangladesh